<?xml version="1.0" encoding="UTF-8"?>
<resp>
  <nextPage>https://data.bn.org.pl/api/networks/bibs.marcxml?marc=001+b0000005564651&amp;sinceId=5564652</nextPage>
  <collection>
    <record xmlns='http://www.loc.gov/MARC21/slim'><leader>02617nam a2200685 i 4500</leader><controlfield tag='001'>b0000005564651</controlfield><controlfield tag='005'>20260103070546.3</controlfield><controlfield tag='008'>170519s1770    pl           |000 0 pol  </controlfield><controlfield tag='009'>9910051260805606</controlfield><datafield ind1=' ' ind2=' ' tag='026'><subfield code='a'>i,y- a-o-</subfield><subfield code='b'>a:zu &quot;z&quot;s (3)</subfield><subfield code='c'>1770 (Q)</subfield><subfield code='5'>WA N</subfield></datafield><datafield ind1=' ' ind2=' ' tag='035'><subfield code='a'>991009118609705066</subfield></datafield><datafield ind1=' ' ind2=' ' tag='035'><subfield code='a'>(PL-WaBN)b55646517-48omnis_nlop</subfield></datafield><datafield ind1=' ' ind2=' ' tag='035'><subfield code='a'>b55646517</subfield></datafield><datafield ind1=' ' ind2=' ' tag='035'><subfield code='a'>(OCoLC)1042541936</subfield></datafield><datafield ind1=' ' ind2=' ' tag='035'><subfield code='a'>(PL)b0000005564651</subfield></datafield><datafield ind1=' ' ind2=' ' tag='040'><subfield code='a'>WA N</subfield><subfield code='c'>WA N</subfield><subfield code='d'>WA N</subfield></datafield><datafield ind1='1' ind2=' ' tag='041'><subfield code='a'>pol</subfield><subfield code='h'>fre</subfield></datafield><datafield ind1='2' ind2=' ' tag='045'><subfield code='b'>c0590</subfield><subfield code='b'>c0529</subfield></datafield><datafield ind1=' ' ind2=' ' tag='046'><subfield code='k'>1770</subfield></datafield><datafield ind1='1' ind2=' ' tag='100'><subfield code='a'>Ramsay, Andrew Michael</subfield><subfield code='d'>(1686-1743)</subfield><subfield code='e'>Autor</subfield></datafield><datafield ind1='1' ind2='0' tag='245'><subfield code='a'>Podroże Cyrusa :</subfield><subfield code='b'>Historya obyczayna z rozmową o baykach pogańskich y o ich teologij.</subfield><subfield code='n'>T. 1 /</subfield><subfield code='c'>przez kawalera Ramsay po francusku opisane ; a dla pożytku kraju na polski język przetłomaczone, roku 1770.</subfield></datafield><datafield ind1='1' ind2=' ' tag='246'><subfield code='i'>Tytuł oryginału:</subfield><subfield code='a'>Voyages de Cyrus</subfield></datafield><datafield ind1=' ' ind2=' ' tag='260'><subfield code='a'>Warszawa :</subfield><subfield code='b'>Druk. JKM. i Rzp. u Sch. P.,</subfield><subfield code='c'>[po 8 X] 1770.</subfield></datafield><datafield ind1=' ' ind2=' ' tag='300'><subfield code='a'>208, 219, [1] stron, [1] karta ;</subfield><subfield code='c'>8°.</subfield></datafield><datafield ind1=' ' ind2=' ' tag='336'><subfield code='a'>Tekst</subfield><subfield code='b'>txt</subfield><subfield code='2'>rdacontent</subfield></datafield><datafield ind1=' ' ind2=' ' tag='337'><subfield code='a'>Bez urządzenia pośredniczącego</subfield><subfield code='b'>n</subfield><subfield code='2'>rdamedia</subfield></datafield><datafield ind1=' ' ind2=' ' tag='338'><subfield code='a'>Wolumin</subfield><subfield code='b'>nc</subfield><subfield code='2'>rdacarrier</subfield></datafield><datafield ind1=' ' ind2=' ' tag='380'><subfield code='a'>Książki</subfield></datafield><datafield ind1=' ' ind2=' ' tag='380'><subfield code='a'>Starodruki</subfield></datafield><datafield ind1='1' ind2=' ' tag='388'><subfield code='a'>1701-1800</subfield></datafield><datafield ind1='4' ind2=' ' tag='510'><subfield code='a'>Estr. XV-XVIII,</subfield><subfield code='c'>XXVI, 123.</subfield></datafield><datafield ind1='0' ind2='7' tag='600'><subfield code='a'>Cyrus</subfield><subfield code='b'>II Wielki</subfield><subfield code='c'>(król Persji ;</subfield><subfield code='d'>ok. 590-529 p.n.e.)</subfield><subfield code='2'>DBN</subfield></datafield><datafield ind1=' ' ind2='7' tag='648'><subfield code='a'>600-501 p.n.e.</subfield><subfield code='2'>DBN</subfield></datafield><datafield ind1=' ' ind2='7' tag='650'><subfield code='a'>Mitologia perska</subfield><subfield code='2'>DBN</subfield></datafield><datafield ind1=' ' ind2='7' tag='650'><subfield code='a'>Władcy i władczynie</subfield><subfield code='2'>DBN</subfield></datafield><datafield ind1=' ' ind2='7' tag='651'><subfield code='a'>Persja (państwo dawne)</subfield><subfield code='2'>DBN</subfield></datafield><datafield ind1=' ' ind2='7' tag='655'><subfield code='a'>Opracowanie</subfield><subfield code='2'>DBN</subfield></datafield><datafield ind1=' ' ind2=' ' tag='658'><subfield code='a'>Religia i duchowość</subfield></datafield><datafield ind1=' ' ind2=' ' tag='658'><subfield code='a'>Historia</subfield></datafield><datafield ind1='2' ind2=' ' tag='710'><subfield code='a'>Drukarnia Pijarów (Warszawa)</subfield><subfield code='e'>Druk</subfield></datafield><datafield ind1=' ' ind2=' ' tag='752'><subfield code='a'>Polska</subfield><subfield code='d'>Warszawa.</subfield></datafield><datafield ind1=' ' ind2=' ' tag='852'><subfield code='b'>48OMNIS_NLOP</subfield><subfield code='8'>991009118609705066</subfield></datafield><datafield ind1=' ' ind2=' ' tag='852'><subfield code='8'>22465407850005066</subfield><subfield code='j'>1</subfield><subfield code='h'>SD XVIII.1.2775</subfield><subfield code='b'>BN_PL</subfield><subfield code='p'>777i53832279</subfield><subfield code='c'>bstdr</subfield><subfield code='z'>UWAGA: Def.: brak k. tyt.</subfield></datafield><datafield ind1=' ' ind2=' ' tag='852'><subfield code='8'>22465407760005066</subfield><subfield code='j'>1</subfield><subfield code='h'>SD W.1.1975</subfield><subfield code='b'>BN_PL</subfield><subfield code='p'>777i54766655</subfield><subfield code='c'>bstdr</subfield></datafield><datafield ind1=' ' ind2=' ' tag='852'><subfield code='b'>48OMNIS_NETWORK</subfield><subfield code='8'>9910051260805606</subfield></datafield><datafield ind1=' ' ind2=' ' tag='950'><subfield code='u'>https://eu05.alma.exlibrisgroup.com/view/uresolver/48OMNIS_NETWORK/openurl?u.ignore_date_coverage=true&amp;portfolio_pid=53714374490005066&amp;Force_direct=true</subfield><subfield code='z'>Zobacz w Polonie: egzemplarz SD W.1.1975</subfield><subfield code='8'>53714374490005066</subfield></datafield></record>
  </collection>
</resp>
